|
|
|
|
| LEADER |
00000nam0a2200000 4500 |
| 001 |
73416 |
| 005 |
20231031084348.0 |
| 035 |
|
|
|a (RuTPU)RU\TPU\book\78342
|
| 090 |
|
|
|a 73416
|
| 100 |
|
|
|a 20050216d1983 k y0rusy50 ca
|
| 101 |
1 |
|
|a rus
|c eng
|
| 102 |
|
|
|a RU
|
| 105 |
|
|
|a a z 001zy
|
| 200 |
1 |
|
|a Общая теория оптимальных алгоритмов
|e перевод с английского
|f Дж. Ф. Трауб, Х. Вожьняковский
|
| 210 |
|
|
|a Москва
|c Мир
|d 1983
|
| 215 |
|
|
|a 382 с.
|c ил.
|
| 300 |
|
|
|a Доп. тит. лист
|
| 320 |
|
|
|a Библиогр.: с. 287-360.
|
| 320 |
|
|
|a Именной указатель: с. 372-375.
|
| 320 |
|
|
|a Предметный указатель: с. 376-378.
|
| 610 |
1 |
|
|a математика
|
| 610 |
1 |
|
|a алгоритмы
|
| 610 |
1 |
|
|a ЭВМ
|
| 610 |
1 |
|
|a линейная информация
|
| 610 |
1 |
|
|a теория
|
| 610 |
1 |
|
|a линейные алгоритмы
|
| 675 |
|
|
|a 510.5
|v 3
|
| 700 |
|
1 |
|a Трауб
|b Дж. Ф.
|g Джо Фред
|
| 701 |
|
1 |
|a Вожьняковский
|b Х.
|g Хенрик
|
| 801 |
|
1 |
|a RU
|b 63413507
|c 20050216
|g PSBO
|
| 801 |
|
2 |
|a RU
|b 63413507
|c 20211202
|g PSBO
|
| 942 |
|
|
|c BK
|